Planning school library development ; a report, February 1, 1961-July 31, 1962, /

Bibliographic Details
Corporate Author: American Association of School Librarians. School Library Development Project
Other Authors: Kennon, Mary Frances, Doyle, Lelia Ann
Format: Book
Language:English
Published: Chicago : American Library Association, 1962.
Subjects:

MARC

Tag First Indicator Second Indicator Subfields
LEADER 00000cam a2200000 i 4500
001 in00000102421
005 20150927204149.0
008 780417s1962 ilu 00000 eng
010 |a  63005580  
035 |a (OCoLC)03807623 
035 |9 AAM1288AM 
040 |a DLC  |c DVP  |d TXA  |d UtOrBLW 
049 |a TXAM  |c [913897] 
050 0 0 |a Z675.S3  |b A45 
082 0 |a 027.82 
110 2 |a American Association of School Librarians.  |b School Library Development Project. 
245 1 0 |a Planning school library development ;  |b a report, February 1, 1961-July 31, 1962, /  |c by Mary Frances Kennon [director] and Leila Ann Doyle [assistant director]. 
264 1 |a Chicago :  |b American Library Association,  |c 1962. 
300 |a 89 pages ;  |c 23 cm. 
336 |a text  |b txt  |2 rdacontent 
337 |a unmediated  |b n  |2 rdamedia 
338 |a volume  |b nc  |2 rdacarrier 
650 0 |a School libraries. 
700 1 |a Kennon, Mary Frances. 
700 1 |a Doyle, Lelia Ann. 
999 |a MARS 
999 f f |s 6ab14852-495a-378f-9b49-0b75821d56ee  |i c2fd91e3-a26c-3128-bd05-5a3eae71997e  |t 0 
952 f f |p ric  |a Texas A&M University  |b Rellis Campus  |c Joint Library Facility  |d Remote Storage  |t 0  |e Z675.S3 A45  |h Library of Congress classification  |i unmediated -- volume  |m A14805733744 
998 f f |a Z675.S3 A45  |t 0  |l Remote Storage